00776nam a22001817a 4500003000900000008004100009040007100050082001800121100001900139245005400158260005300212300002800265440007300293505014000366650002900506650002400535650003500559AR-CdUCM190520b ||||| |||| 00| 0 spa d aMUNICIPALIDAD PROVINCIAL DEL CUSCOcBIBLIOTECA MUNICIPAL DEL CUSCO a974.08 /bA34 aAlba, Víctor aLas ideas sociales contemporáneas en México / aMéxico :bFondo de cultura económica,c1960. a473 páginas ;c25 cm. aColección tierra firmenHistoria de las ideas contemporáneas VII aContenido : El periodo de las independencias -- El periodo de las reformas -- El Jacobinismo positivo-- Origen del movimiento obrero... aEvolución ideológica a Problemas agrarios aPrecursores de la revolución